[Event "Mecklenburg VP-ch U14"]
[Site "Malchow"]
[Date "2011.02.14"]
[Round "7.6"]
[White "Wolters, Tobias"]
[Black "Goeths, Paul"]
[Result "0-1"]
[WhiteElo "936"]
[BlackElo "1079"]
[PlyCount "68"]
[EventDate "2011.02.14"]
[EventType "swiss"]
[EventRounds "7"]
[EventCountry "GER"]
[SourceTitle "EXT 2022"]
[Source "ChessBase"]
[SourceDate "2021.10.06"]
[SourceVersion "1"]
[SourceVersionDate "2021.10.06"]
[SourceQuality "1"]

1. d4 d5 2. Bf4 Nf6 3. e3 Bf5 4. Bd3 Bxd3 5. cxd3 e6 6. Nc3 Bb4 7. Nge2 0-0 8. 0-0 Nbd7 9. Rc1 Rc8 10. Qb3 Bxc3 11. Rxc3 b6 12. Rfc1 c5 13. Qa3 a5 14. Bd6 Re8 15. dxc5 bxc5 16. Bxc5 Rb8 17. Nd4 Rb7 18. Bd6 e5 19. Nc6 Qa8 20. Nxa5 Ra7 21. Bb4 Nb6 22. Rc7 Rxc7 23. Rxc7 Rc8 24. Rxc8+ Qxc8 25. g3 h6 26. Qb3 Nh7 27. Bc3 Qe6 28. d4 e4 29. Bb4 Ng5 30. Bc5 Qh3 31. f4 Nf3+ 32. Kf2 Qxh2+ 33. Kf1 Qg1+ 34. Ke2 Qe1# 0-1

[Event "Mecklenburg VP-ch U14"]
[Site "Malchow"]
[Date "2011.02.14"]
[Round "5.7"]
[White "Wolters, Tobias"]
[Black "Klinge, Sabina"]
[Result "1-0"]
[WhiteElo "936"]
[BlackElo "990"]
[PlyCount "121"]
[EventDate "2011.02.14"]
[EventType "swiss"]
[EventRounds "7"]
[EventCountry "GER"]
[SourceTitle "EXT 2022"]
[Source "ChessBase"]
[SourceDate "2021.10.06"]
[SourceVersion "1"]
[SourceVersionDate "2021.10.06"]
[SourceQuality "1"]

1. d4 d5 2. Bf4 Nf6 3. e3 Bf5 4. Nf3 e6 5. h3 Be7 6. c4 dxc4 7. Bxc4 c5 8. Nc3 0-0 9. 0-0 Nd5 10. Bh2 Nb6 11. Bd3 Bg6 12. Rc1 N8d7 13. Qe2 Rc8 14. Rfd1 cxd4 15. Nxd4 Bxd3 16. Rxd3 Bf6 17. Ndb5 Qe8 18. Nd6 Qe7 19. Nxc8 Rxc8 20. Rdd1 Ne5 21. Na4 Rxc1 22. Rxc1 Nc6 23. Nxb6 axb6 24. Qb5 Qd7 25. Qxb6 Qd2 26. Rf1 Na5 27. Bc7 Nc4 28. Qxb7 h6 29. Qb5 Nxe3 30. fxe3 Qxe3+ 31. Rf2 Bh4 32. Qf1 Bxf2+ 33. Qxf2 Qc1+ 34. Kh2 Qxc7+ 35. Qg3 Qc2 36. Qb8+ Kh7 37. b4 f5 38. b5 f4 39. Qxf4 Qxa2 40. b6 Qd5 41. Qc7 Kg6 42. b7 Kf6 43. b8R Qe5+ 44. Qxe5+ Kxe5 45. Kg3 Ke4 46. Rb4+ Kd5 47. Kf3 g6 48. Rh4 h5 49. g4 hxg4+ 50. Rxg4 Ke5 51. Rxg6 Kf5 52. Rg4 e5 53. h4 Kf6 54. h5 Kf5 55. h6 e4+ 56. Rxe4 Kg6 57. Rh4 Kh7 58. Kg4 Kh8 59. Kg5 Kh7 60. Rh3 Kh8 61. Kg6 1-0